| 000 | 00524nam a2200181Ia 4500 | ||
|---|---|---|---|
| 999 |
_c8057 _d8057 |
||
| 003 | OSt | ||
| 005 | 20200110142136.0 | ||
| 008 | 190216s9999||||xx |||||||||||||| ||und|| | ||
| 020 | _a9788184841220 | ||
| 040 | _coclc | ||
| 082 |
_a332.64254 _bINI/F |
||
| 100 |
_aInigo, R Maria _91116 |
||
| 245 | 0 |
_aFinancial Markets And Services / _cR Maria Inigo |
|
| 260 |
_bRegal Publications, _c2012. _aNew Delhi: |
||
| 300 | _a600p | ||
| 650 | _aCommerce | ||
| 942 |
_cBK _2ddc _h332.64254 _iINI/F _k332.64254 _mINI/F |
||